Statistics for Квиз о Мађарској

Click here to take the quiz!

General Stats

  • This quiz has been taken 201 times
  • The average score is 12 of 19

Answer Stats

ОписОдговор% Correct
Главни градБудимпешта
98%
Река која протиче кроз град изнадДунав
95%
Чувено мађарско јело (почиње на Г)Гулаш
90%
Држава чији је Мађарска била део до 1918.Аустроугарска
86%
Водени спорт у којем су Мађари једна од најјачих државаВатерполо
84%
Вођа Хуна 434–453, "Бич Божји"
(повезаност са данашњим Мађарима нејасна)
Атила
83%
Познати изум Ерна РубикаРубикова коцка
73%
Именуј државу осим Мађарске у којој се говори језиком из уралске породице језикаФинска | Естонија
72%
Валута Мађарске (названа према фирентинском новцу)Форинта
70%
Премијер од 2010. више пута нападнут да је аутократаВиктор Орбан
59%
Планински ланац који окружује Панонску равницуКарпати
58%
Највеће језеро централне ЕвропеБлатно
54%
Зачин који се користи да се зачини јело изнадПаприка
52%
Држава против које сe Мађарска побунила 1956.Совјетски Савез
49%
Градић у близини главног града, познат по музејима, галеријама и
некад великој заједници Срба
Сентандреја
43%
Виртуоз на клавиру који је компоновао "Мађарску рапсодију"Франц Лист
41%
Американац мађарског порекла, често се помиње у теоријама завереЏорџ Сорош
38%
Први мађарски краљСтефан I
20%
Американац мађарског порекла који се сматра за најинтелигентнијег човека икадЏон фон {Нојман}
3%

Score Distribution

Percentile by Number Answered

Percent of People with Each Score

Your Score History

You have not taken this quiz